Aplikácia koncepcie Six Sigma v podniku diplomová práca

Gespeichert in:
Bibliographische Detailangaben
1. Verfasser: Matejov, Pavol
Körperschaft: Fakulta podnikového manažmentu EU. Katedra manažmentu výroby a logistiky - zrušená
Weitere Verfasser: Richnák, Patrik, 1988-
Format: Buch
Sprache:Slowakisch
Veröffentlicht: Bratislava 2020
Tags: Tag hinzufügen
Keine Tags, Fügen Sie das erste Tag hinzu!

MARC

LEADER 00000nbm a2200000 4500
001 0265988
005 20201123091223.3
041 0 |a slo 
044 |a SK 
245 1 0 |a Aplikácia koncepcie Six Sigma v podniku  |b diplomová práca  |c Pavol Matejov ; školiteľ: Patrik Richnák 
264 1 |a Bratislava  |c 2020 
300 |a 79 s. 
100 1 |a Matejov, Pavol 
700 1 |a Richnák, Patrik, 1988- 
710 2 |a Fakulta podnikového manažmentu EU. Katedra manažmentu výroby a logistiky - zrušená